Statistics for Red - Taylor Swift (All Lyrics)

Click here to take the quiz!

General Stats

  • This quiz has been taken 281 times
    (212 since last reset)
  • The average score is 236 of 291

Answer Stats

Answer% Correct
was
99%
him
98%
I
98%
a
97%
Like
96%
like
96%
loving
96%
Loving
96%
so
96%
red
95%
blue
94%
know
94%
to
94%
you
94%
all
93%
never
93%
is
92%
it
92%
me
92%
the
92%
But
91%
dark
91%
driving
91%
street
91%
gray
89%
losing
89%
Losing
89%
met
89%
trying
89%
When
89%
dead
88%
end
88%
in
87%
somebody
87%
Somebody
87%
alone
86%
and
86%
And
86%
down
86%
Missing
86%
new
85%
Forgetting
84%
known
84%
Maserati
84%
I'd
82%
there
82%
no
80%
right
80%
your
80%
Burning
79%
burning
79%
be
78%
of
77%
Oh
77%
as
75%
answer
73%
suddenly
73%
wind
73%
ever
72%
front
72%
love
72%
than
72%
with
71%
Faster
70%
lose
70%
my
70%
song
70%
on
69%
favorite
67%
wanted
67%
there's
66%
words
66%
easy
65%
Fighting
65%
that
65%
That
65%
crossword
64%
go"
64%
just
64%
realizing
64%
before
63%
could
63%
"It's
63%
knowing
63%
they
63%
Yeah
63%
yeah
63%
passionate
62%
you're
62%
free
61%
head
61%
solve
61%
bright
60%
colors
60%
ending
60%
old
60%
sin
60%
comes
59%
Comes
59%
fall
59%
let
59%
autumn
58%
flashbacks
58%
strong
55%
Cause
54%
Remembering
54%
see
54%
Touching
54%
mind
53%
out
53%
change
52%
now
52%
already
51%
echoes
51%
found
51%
time
51%
still
50%
from
49%
gotta
49%
Memorizing
49%
through
49%
wishing
49%
impossible
47%
moving
47%
tell
47%
myself
46%
Once
46%
Regretting
46%
flying
45%
back
39%
His
30%
he's
28%
'round
27%
spinning
27%
why
23%
that's
21%
We're
20%

Score Distribution

Percentile by Number Answered

Percent of People with Each Score

Your Score History

You have not taken this quiz since the last reset